Szczegóły MARC21

Analiza i funkcjonowanie rynku : ćwiczenia i zadania /

003 -Nazwa inst., której nr kontr. jest w polu 001 [,]
    • @
    • Nazwa instytucji, której n kontrolny jest w polu 001
    • NUKAT
005 -DATA I CZAS OSTATNIEJ MODYFIKACJI [,]
    • @
    • pole kontrolne
    • 20241231114914.0
020 -Międzynarod. znormalizowany nr książki - ISBN [ , ]
    • a
    • Numer ISBN
    • 9788372418050 Find
040 -Instytucja sporządzająca opis [ , ]
    • a
    • Instytucja, która sporządziła opis (NP)
    • WA 14/DG
    • c
    • Instytucja, która sporządziła rekord (NP)
    • WA 14/DG
    • d
    • Instytucja, która zmodyfikowała rekord (P)
    • Ł U/ips
    • d
    • Instytucja, która zmodyfikowała rekord (P)
    • BSTOK U/BWE/ag
    • d
    • Instytucja, która zmodyfikowała rekord (P)
    • WA 14/DG
942 -Rodzaj dokumentu [ , ]
    • c
    • Rodzaj dokumentu
    • Książka
100 -Hasło główne - nazwa osobowa [1, ]
    • a
    • Nazwa osobowa (NP)
    • Rosa, Grażyna
    • d
    • Daty biograficzne (NP)
    • (1968- ).
    • 9
    • KHW
    • 453
245 -Strefa tytułu i oznaczenia odpowiedzialności [1,0]
    • a
    • Tytuł
    • Analiza i funkcjonowanie rynku : Find
    • b
    • Ciąg dalszy tytułu (NP)
    • ćwiczenia i zadania / Find
    • c
    • Pozostałe elementy strefy tytułu i oznaczenia odpowiedzialności (NP)
    • Grażyna Rosa, Agnieszka Smalec, Tomasz Sondej ; Uniwersytet Szczeciński.
260 -Strefa adresu wydawniczego [ , ]
    • a
    • Miejsce wydania (P)
    • Szczecin :
    • b
    • Nazwa wydawcy (P)
    • Wydawnictwo Naukowe Uniwersytetu Szczecińskiego,
    • c
    • Data wydania (P)
    • 2010.
300 -Strefa opisu fizycznego [ , ]
    • a
    • Określenie formy książki i/lub objętość (NP)
    • 248 s. :
    • b
    • Oznaczenie ilustracji (NP)
    • il. ;
    • c
    • Format (NP)
    • 24 cm.
336 -Typ zawartości [ , ]
    • a
    • Termin opisujący typ zawartości
    • Tekst
    • b
    • Kod określający zawartość
    • txt
    • 2
    • Źródło (terminu i kodu)
    • rdacontent
337 -Typ mediów [ , ]
    • a
    • Tryb odtwarzania
    • Bez urządzenia pośredniczącego
    • b
    • Kod typu mediów
    • n
    • 2
    • Źródło (terminu i kodu)
    • rdamedia
338 -Typ/rodzaj nośnika [ , ]
    • a
    • Hasło opisujące typ nośnika
    • Wolumin
    • b
    • Kod typu nośnika
    • nc
    • 2
    • Źródło (terminu i kodu)
    • rdacarrier
504 -Uwaga dot. bibliogr. załącznikowej [ , ]
    • a
    • Uwaga dot. bibliografii załącznikowej
    • Bibliogr. s. [243]-248.
650 -Hasło przedmiotowe [ ,7]
    • a
    • Hasło przedmiotowe
    • Badania marketingowe
    • x
    • Określnik rzeczowy
    • metody statystyczne
    • v
    • Określnik formalny
    • zadania i ćwiczenia.
    • 2
    • Źródło terminu
    • kaba
    • 9
    • KHW
    • 549341
650 -Hasło przedmiotowe [ ,7]
    • a
    • Hasło przedmiotowe
    • Badania rynku
    • x
    • Określnik rzeczowy
    • metody statystyczne
    • v
    • Określnik formalny
    • zadania i ćwiczenia.
    • 2
    • Źródło terminu
    • kaba
    • 9
    • KHW
    • 549344
650 -Hasło przedmiotowe [ ,7]
    • a
    • Hasło przedmiotowe
    • Postawy konsumentów
    • x
    • Określnik rzeczowy
    • badania
    • x
    • Określnik rzeczowy
    • metody statystyczne
    • v
    • Określnik formalny
    • zadania i ćwiczenia.
    • 2
    • Źródło terminu
    • kaba
    • 9
    • KHW
    • 549342
650 -Hasło przedmiotowe [ ,7]
    • a
    • Hasło przedmiotowe
    • Przedsiębiorstwa
    • x
    • Określnik rzeczowy
    • metody statystyczne
    • v
    • Określnik formalny
    • zadania i ćwiczenia.
    • 2
    • Źródło terminu
    • kaba
    • 9
    • KHW
    • 549343
700 -Hasło dodatkowe - nazwa osobowa [1, ]
    • a
    • Nazwa osobowa (NP)
    • Smalec, Agnieszka. Find
    • 9
    • KHW
    • 454
700 -Hasło dodatkowe - nazwa osobowa [1, ]
    • a
    • Nazwa osobowa (NP)
    • Sondej, Tomasz. Find
    • 9
    • KHW
    • 21043
710 -Hasło dodatkowe - nazwa ciała zbiorowego [2, ]
    • a
    • Nazwa ciała zbiorowego lub nazwa geograficzna jako pierwszy element (NP)
    • Uniwersytet Szczeciński.
    • b
    • Nazwa jednostki podrzędnej (P)
    • Wydawnictwo Naukowe.
    • 4
    • Kod relacji
    • pbl
    • 9
    • KHW
    • 51208
920 -ISBN [ , ]
    • a
    • ISBN
    • 978-83-7241-805-0 Find
Sygnatura Numer inwentarzowy Status udost. Data inwentaryzacji Lokalizacja
 E.73034-22011-01-12BE
 S.93879-22011-01-12BE
 S.93971-22011-04-08BE
 S.94089-22011-11-16BE
 Z.11530712011-04-08BG
T.11324T.11324-22011-02-02T
 TM.7920-22011-02-02T
 TM.7921-32011-02-02T
 TM.7922-32011-02-02T
 TM.7923-32011-02-02T
 TM.8023-32011-09-14T
 TM.8354-32012-03-26T
 TM.8355-32012-03-26T
 TM.8356-32012-03-26T
TM.12209TM.12209-32015-02-19T
TM.12210TM.12210-32015-02-19T
TM.12764TM.12764-32015-10-07T
TM.15407TM.15407-32021-07-13T